01548nam a22003617a 4500003000500000005001700005008004100022010001000063011001000073035001000083040000900093090001000102100004500112245015800157260004000315300001900355502004600374590003700420590004100457590004100498590004100539590004200580650003300622901000700655942000900662949003600671949004100707949004100748999001700789952012600806952012600932952012801058CHAP20220329140752.0971013s1970 mx a r 00010 spa d a57308 a58280 a62435 cCHAP aTesis00aSolórzano Buenrostro, Librado.91084911 aBiología, daños y control del defoliador Zadiprion vallicola Roh. (Hymenoptera : Diprionidae) del pino, en la zona suroeste del estado de Michoacán aChapingo, Méx. :bEl autor,c1970 a93 h.b: ilus. aTesis ( Ing. Agr. Esp. en Bosques) -- ENA aALEPHb10c20130110lUCH01h1335 aBATCH-UPDb10c20130110lUCH01h2238 aBATCH-UPDb10c20130410lUCH01h1533 aBATCH-UPDb10c20130914lUCH01h2111 aCONVERSIONb10c20130109lUCH01h133114aZadiprion vallicola.9123429 aBK cFOLL bBCcTESd-133816eTS1i62435si bBCcTESd-133817eTS2fc.2i62435si bBCcTESd-133818eTS2fc.3i62435si c57308d57308 00102local4053708TESISaBCbBCcPA_TESISd2012-12-17fTESISl0p-133817r2019-12-31 00:00:00tc.2w2019-12-31yTESIS 00102local4053708TESISaBCbBCcPA_TESISd2012-12-17fTESISl0p-133818r2019-12-31 00:00:00tc.3w2019-12-31yTESIS 00102local4051718TESISaBCbBCcPA_TESISd2012-12-17fTESISl0oTesisp-133816r2019-12-31 00:00:00w2019-12-31yTESIS